هوامش تراثية من خلال عرض و مناقشة أفكار مذهبية دينية أو سياسية أو فكرية : (رقم التسجيلة. 51507)

تفاصيل مارك
000 -LEADER
fixed length control field 00829nam a22002057a 4500
005 - DATE AND TIME OF LATEST TRANSACTION
control field 20251108170907.0
008 - FIXED-LENGTH DATA ELEMENTS--GENERAL INFORMATION
fixed length control field 250721s1992 xx 000 0 ara d
082 14 - DEWEY DECIMAL CLASSIFICATION NUMBER
Classification number 028.1/كام
100 1# - MAIN ENTRY--PERSONAL NAME
Personal name سعفان، كامل
245 10 - TITLE STATEMENT
Title هوامش تراثية من خلال عرض و مناقشة أفكار مذهبية دينية أو سياسية أو فكرية :
Remainder of title الفصل في الملل و الأهواء و النمل /
264 1# - PRODUCTION, PUBLICATION, DISTRIBUTION, MANUFACTURE, AND COPYRIGHT NOTICE
Place of production, publication, distribution, manufacture القاهرة :
Name of producer, publisher, distributor, manufacturer دار الإعتصام،
Date of production, publication, distribution, manufacture, or copyright notice 1992.
300 ## - PHYSICAL DESCRIPTION
Extent 213ص
500 ## - GENERAL NOTE
General note الفصل في الملل و الأهواء و النمل ل ابن حزم ، أبو محمد علي بن أحمد بن سعيد
650 17 - SUBJECT ADDED ENTRY--TOPICAL TERM
Topical term or geographic name as entry element نقد الكتب
650 17 - SUBJECT ADDED ENTRY--TOPICAL TERM
Topical term or geographic name as entry element المراجع
650 17 - SUBJECT ADDED ENTRY--TOPICAL TERM
Topical term or geographic name as entry element الإسلام
650 17 - SUBJECT ADDED ENTRY--TOPICAL TERM
Topical term or geographic name as entry element المجموعات
942 ## - ADDED ENTRY ELEMENTS (KOHA)
Source of classification or shelving scheme Dewey Decimal Classification
Koha item type كتب
المقتنيات
حالة السحب حالة الفقدان مصدر التصنيف حالة التلف غير قابل للإعارة المكتبة الرئيسية المكتبة الحالية موقع الرف تاريخ التزويد الرقم المتسلسل Total Checkouts رقم الإستدعاء تاريخ آخر ظهور تاريخ الفاتورة نوع المادة (كوها)
    Dewey Decimal Classification Unchecked   مكتبة الأميرة ايمان العامة مكتبة الأميرة ايمان العامة الإعارة 06/07/2004 3011   028.1/كام 28/07/2025 06/07/2004 كتب
Implemented & Customized by: BBB with SCIT (Smart Chains for Information Technology)

Powered by Koha